[Event "Heusenstamm Schloss op"]
[Site "Heusenstamm"]
[Date "2023.11.23"]
[Round "1"]
[White "Euler, Gerd"]
[Black "Bittner, Peter"]
[Result "1-0"]
[WhiteElo "2236"]
[BlackElo "1852"]
[PlyCount "67"]
[EventDate "2023.11.23"]
[EventType "swiss"]
[EventRounds "7"]
[EventCountry "GER"]
[SourceTitle "CB48_2023"]
[SourceDate "2023.11.29"]
[SourceVersion "1"]
[SourceVersionDate "2023.11.29"]
[SourceQuality "1"]

1. e4 e5 2. Nf3 Nc6 3. Bb5 a6 4. Ba4 Nf6 5. 0-0 Be7 6. Re1 d6 7. c3 0-0 8. h3 Bd7 9. d4 b5 10. Bb3 h6 11. Nbd2 g6 12. dxe5 Nxe5 13. Nxe5 dxe5 14. Nf3 Kg7 15. Nxe5 Be8 16. Qe2 c5 17. Nf3 Qc7 18. e5 Ng8 19. Bf4 Bc6 20. Nh2 c4 21. Bc2 Qb7 22. f3 Rad8 23. Be3 Rd7 24. Bd4 f6 25. Ng4 f5 26. Ne3 Kh7 27. a4 Bh4 28. axb5 axb5 29. Ra7 Qb8 30. Rea1 Bg3 31. Nf1 Bh4 32. Rxd7+ Bxd7 33. Ra7 Qc8 34. e6 1-0

[Event "Frankfurt-chA"]
[Site "Frankfurt"]
[Date "2022.05.09"]
[Round "3"]
[White "Bittner, Peter"]
[Black "Eurich, Jannik"]
[Result "0-1"]
[WhiteElo "1852"]
[BlackElo "1898"]
[PlyCount "74"]
[EventDate "2022.04.25"]
[EventType "swiss"]
[EventRounds "7"]
[EventCountry "GER"]
[SourceTitle "EXT 2023"]
[Source "ChessBase"]
[SourceDate "2022.10.05"]
[SourceVersion "1"]
[SourceVersionDate "2022.10.05"]
[SourceQuality "1"]

1. e4 c5 2. Nf3 d6 3. d4 cxd4 4. Nxd4 Nf6 5. Nc3 a6 6. Be2 g6 7. Be3 Bg7 8. Qd2 0-0 9. f3 b5 10. g4 Bb7 11. h4 e5 12. Nb3 d5 13. exd5 b4 14. Na4 Nxd5 15. 0-0-0 Qc7 16. Bh6 Bxh6 17. Qxh6 Nf4 18. Bd3 Bxf3 19. h5 Nxd3+ 20. Rxd3 Bxh1 21. hxg6 fxg6 22. Qxh1 Qc6 23. Qd1 Qxa4 24. Rd8 Nc6 25. Rxa8 Rxa8 26. Qd5+ Kh8 27. Qd6 Qb5 28. Qf6+ Kg8 29. Qe6+ Kg7 30. Qd7+ Kf8 31. Qd6+ Kf7 32. Nd2 Ne7 33. b3 Qd5 34. Qxb4 Qd4 35. Qb7 Rd8 36. Qf3+ Ke6 37. Qe2 Qxd2+ 0-1

[Event "Frankfurt-chA"]
[Site "Frankfurt"]
[Date "2022.05.02"]
[Round "2"]
[White "Oezdemir, Ali Oezden"]
[Black "Bittner, Peter"]
[Result "1/2-1/2"]
[WhiteElo "2048"]
[BlackElo "1852"]
[PlyCount "44"]
[EventDate "2022.04.25"]
[EventType "swiss"]
[EventRounds "7"]
[EventCountry "GER"]
[SourceTitle "EXT 2023"]
[Source "ChessBase"]
[SourceDate "2022.10.05"]
[SourceVersion "1"]
[SourceVersionDate "2022.10.05"]
[SourceQuality "1"]

1. e4 e6 2. d3 c5 3. Nf3 Nc6 4. g3 Be7 5. h4 h6 6. Bg2 d6 7. c3 e5 8. Nbd2 Be6 9. Nc4 Nf6 10. Ne3 Qd7 11. h5 d5 12. Nh4 dxe4 13. dxe4 Qxd1+ 14. Kxd1 0-0-0+ 15. Kc2 Nxh5 16. Nhf5 g6 17. Nd5 gxf5 18. Rxh5 fxe4 19. Nxe7+ Nxe7 20. Rxe5 Rd5 21. Bf4 Ng6 22. Rxd5 Bxd5 1/2-1/2

[Event "Heusenstamm Sparkassen op-A 7th"]
[Site "Heusenstamm"]
[Date "2021.11.21"]
[Round "6.52"]
[White "Bittner, Peter"]
[Black "Chassard, Cedric"]
[Result "0-1"]
[WhiteElo "1862"]
[BlackElo "1954"]
[PlyCount "70"]
[EventDate "2021.11.18"]
[EventType "swiss"]
[EventRounds "7"]
[EventCountry "GER"]
[SourceTitle "EXT 2023"]
[Source "ChessBase"]
[SourceDate "2022.10.05"]
[SourceVersion "1"]
[SourceVersionDate "2022.10.05"]
[SourceQuality "1"]

1. e4 e5 2. Nf3 Nc6 3. Bb5 a6 4. Ba4 Nf6 5. 0-0 Be7 6. Re1 b5 7. Bb3 d6 8. h3 Na5 9. d4 exd4 10. e5 dxe5 11. Nxe5 0-0 12. Bd2 b4 13. a3 Bb7 14. Bxb4 Bxb4 15. axb4 Nxb3 16. cxb3 Qd5 17. f3 Rfe8 18. Ra5 Qd6 19. Qd2 Nd5 20. Nd3 Qg3 21. Qf2 Rxe1+ 22. Nxe1 Qxf2+ 23. Kxf2 Nxb4 24. Rc5 Re8 25. Rxc7 Bc6 26. Nd2 Bb5 27. Nc4 d3 28. Nd2 g6 29. Nxd3 Nxd3+ 30. Kg3 Re2 31. Ne4 Ne1 32. Nd6 Rxg2+ 33. Kf4 Rf2 34. Kg5 Rxf3 35. h4 Kg7 0-1

[Event "Heusenstamm Sparkassen op-A 6th"]
[Site "Heusenstamm"]
[Date "2019.11.24"]
[Round "6"]
[White "Emig, Nils"]
[Black "Bittner, Peter"]
[Result "1-0"]
[WhiteElo "1815"]
[BlackElo "1870"]
[PlyCount "73"]
[EventDate "2019.11.21"]
[EventType "swiss"]
[EventRounds "7"]
[EventCountry "GER"]
[SourceTitle "CBM 194 Extra"]
[Source "ChessBase"]
[SourceDate "2020.03.31"]
[SourceVersion "1"]
[SourceVersionDate "2020.03.31"]
[SourceQuality "1"]

1. d4 Nf6 2. c4 e6 3. Nf3 d5 4. e3 c6 5. Nc3 Bb4 6. Qb3 Qe7 7. a3 Bxc3+ 8. bxc3 0-0 9. Bd3 Nbd7 10. 0-0 e5 11. dxe5 Nxe5 12. Nxe5 Qxe5 13. cxd5 Nxd5 14. Bb2 Qg5 15. Rfe1 Be6 16. Qc2 h5 17. Kh1 f5 18. f4 Qh6 19. c4 Nb6 20. Rf1 Rad8 21. Bd4 Rf7 22. Rf3 Rc8 23. Rh3 c5 24. Bb2 g6 25. Rg3 Kh7 26. Rd1 Rd7 27. Be2 Rxd1+ 28. Qxd1 Rg8 29. Rg5 Bf7 30. Qc2 Qf8 31. e4 fxe4 32. Qxe4 Kh6 33. g4 Qe8 34. Re5 Qd8 35. Re7 Re8 36. g5+ Kh7 37. Rxf7+ 1-0

[Event "Heusenstamm Sparkassen op-A 6th"]
[Site "Heusenstamm"]
[Date "2019.11.22"]
[Round "2"]
[White "Kather, Yannick"]
[Black "Bittner, Peter"]
[Result "1-0"]
[WhiteElo "2137"]
[BlackElo "1870"]
[PlyCount "95"]
[EventDate "2019.11.21"]
[EventType "swiss"]
[EventRounds "7"]
[EventCountry "GER"]
[SourceTitle "CBM 194 Extra"]
[Source "ChessBase"]
[SourceDate "2020.03.31"]
[SourceVersion "1"]
[SourceVersionDate "2020.03.31"]
[SourceQuality "1"]

1. e4 e5 2. Nc3 Nf6 3. g3 c6 4. Nf3 Qc7 5. d4 d6 6. h3 Be7 7. Bg2 Nbd7 8. a4 b6 9. 0-0 0-0 10. Kh2 Bb7 11. Be3 Rad8 12. Nh4 Ba6 13. Nf5 Rfe8 14. Nxe7+ Rxe7 15. Re1 h6 16. b4 Bc8 17. Ne2 c5 18. bxc5 exd4 19. cxd6 Qxd6 20. Nxd4 Nc5 21. Nc6 Qxc6 22. Qxd8+ Re8 23. e5 Qe6 24. Qd6 Qxe5 25. Bxc5 Qxc5 26. Rxe8+ Nxe8 27. Qb8 Kf8 28. Re1 Be6 29. Re2 Qc4 30. Rd2 Qxa4 31. Qa8 Bd7 32. c3 Ke7 33. Rd4 Qa3 34. Rxd7+ Kxd7 35. Bc6+ Kd6 36. Qxe8 Qxc3 37. Qd7+ Kc5 38. Bg2 a5 39. Qc6+ Kb4 40. Qxb6+ Ka3 41. Qa7 f5 42. Qd7 Qf6 43. Qd3+ Kb4 44. Qd2+ Ka4 45. Bf1 Qe5 46. Bd3 Qc5 47. Qa2+ Kb4 48. Qb2+ 1-0

[Event "Frankfurt-chA"]
[Site "Frankfurt"]
[Date "2019.05.20"]
[Round "4"]
[White "Bittner, Peter"]
[Black "Both, Guenter"]
[Result "1/2-1/2"]
[WhiteElo "1737"]
[BlackElo "1506"]
[PlyCount "121"]
[EventDate "2019.04.29"]
[EventType "swiss"]
[EventRounds "7"]
[EventCountry "GER"]
[SourceTitle "EXT 2020"]
[Source "ChessBase"]
[SourceDate "2019.10.17"]
[SourceVersion "1"]
[SourceVersionDate "2019.10.17"]
[SourceQuality "1"]

1. e4 c5 2. Nf3 d6 3. d4 cxd4 4. Nxd4 Nf6 5. Nc3 a6 6. Be2 e5 7. Nf5 Bxf5 8. exf5 h6 9. 0-0 Qc7 10. Be3 Nbd7 11. Bf3 Rc8 12. Rc1 Be7 13. Qd2 0-0 14. Kh1 Nc5 15. Nd5 Nxd5 16. Bxd5 Nd7 17. c4 Nf6 18. h3 Nxd5 19. Qxd5 Qc6 20. Qd2 Qe4 21. Qc2 Qxc2 22. Rxc2 d5 23. Rfc1 d4 24. Bd2 d3 25. Rc3 e4 26. Rb3 b5 27. cxb5 Rxc1+ 28. Bxc1 Bg5 29. Rc3 d2 30. Bxd2 Bxd2 31. Rc2 e3 32. fxe3 Bxe3 33. bxa6 Ra8 34. Rc6 Rd8 35. g4 Rd1+ 36. Kg2 Rd7 37. b4 Ra7 38. Kf3 Bd2 39. b5 Ba5 40. Ke4 Kf8 41. Rc8+ Ke7 42. Rb8 Kd7 43. Kd5 Kc7 44. Rg8 Bc3 45. Kc5 Kd7 46. Rf8 Ke7 47. Rc8 Kd7 48. Rc6 Ba5 49. a4 Rc7 50. Rxc7+ Kxc7 51. a7 Bb6+ 52. Kd5 Bxa7 53. a5 Be3 54. b6+ Kb7 55. Kd6 Bd2 56. Ke7 Bxa5 57. Kxf7 Bc3 58. h4 Bf6 59. g5 hxg5 60. hxg5 Bxg5 61. Kxg7 1/2-1/2

[Event "Frankfurt-chA"]
[Site "Frankfurt"]
[Date "2019.05.13"]
[Round "3"]
[White "Fischer, Lutz"]
[Black "Bittner, Peter"]
[Result "1/2-1/2"]
[WhiteElo "1557"]
[BlackElo "1737"]
[PlyCount "120"]
[EventDate "2019.04.29"]
[EventType "swiss"]
[EventRounds "7"]
[EventCountry "GER"]
[SourceTitle "EXT 2020"]
[Source "ChessBase"]
[SourceDate "2019.10.17"]
[SourceVersion "1"]
[SourceVersionDate "2019.10.17"]
[SourceQuality "1"]

1. e4 e5 2. Nf3 Nc6 3. Bb5 Nf6 4. d3 d6 5. c3 Be7 6. 0-0 Bg4 7. h3 Bh5 8. Nbd2 h6 9. Re1 g5 10. Qa4 g4 11. Bxc6+ bxc6 12. Qxc6+ Nd7 13. hxg4 Bxg4 14. d4 Kf8 15. b3 Rg8 16. dxe5 Rg6 17. Qd5 Be6 18. Qa5 Bg4 19. exd6 Bxd6 20. Ba3 Bxa3 21. Qxa3+ Kg8 22. Re3 Bh3 23. g3 Qf6 24. Rae1 Kh7 25. Kh2 Bg4 26. Qa5 c5 27. Qc7 Rag8 28. Qf4 Qxf4 29. gxf4 Bxf3 30. Rxf3 Rg2+ 31. Kh3 Nf6 32. e5 Nh5 33. Ne4 R2g4 34. Nf6+ Nxf6 35. exf6 R4g6 36. Re7 Rxf6 37. Rxa7 Rf5 38. Kh4 h5 39. Ra4 Rg4+ 40. Kh3 Kh6 41. Rc4 Rg1 42. Rg3 Ra1 43. Rg5 Rxg5 44. fxg5+ Kxg5 45. Rxc5+ Kf4 46. a4 Ra2 47. Kg2 f5 48. a5 Ra3 49. b4 Ke4 50. Kg3 f4+ 51. Kg2 h4 52. Rc4+ Kf5 53. Kh3 Ra2 54. Rc5+ Ke4 55. Kxh4 Rxf2 56. Kh3 f3 57. Rc8 Rf1 58. Kh2 Rf2+ 59. Kg1 Ra2 60. Re8+ Kd3 1/2-1/2

[Event "Frankfurt-chA"]
[Site "Frankfurt"]
[Date "2019.05.06"]
[Round "2"]
[White "Bittner, Peter"]
[Black "Bischoff, Ulrich"]
[Result "0-1"]
[WhiteElo "1737"]
[BlackElo "1961"]
[PlyCount "90"]
[EventDate "2019.04.29"]
[EventType "swiss"]
[EventRounds "7"]
[EventCountry "GER"]
[SourceTitle "EXT 2020"]
[Source "ChessBase"]
[SourceDate "2019.10.17"]
[SourceVersion "1"]
[SourceVersionDate "2019.10.17"]
[SourceQuality "1"]

1. d4 d5 2. Bf4 Nf6 3. Nf3 e6 4. Nbd2 c5 5. e3 Nc6 6. Bb5 Qb6 7. Qe2 Be7 8. c3 0-0 9. dxc5 Bxc5 10. Nb3 Be7 11. 0-0 Nd7 12. Rfd1 Re8 13. Rac1 a6 14. Ba4 h6 15. Nfd4 Bf8 16. Nxc6 bxc6 17. Qg4 Kh8 18. Re1 e5 19. Bg3 Nc5 20. Qb4 Qxb4 21. cxb4 Nxa4 22. Rxc6 Bxb4 23. Rec1 Nxb2 24. Rb6 a5 25. Rb5 Be6 26. Bh4 Nc4 27. Kf1 Rab8 28. Rxb8 Rxb8 29. Ke2 Rc8 30. f3 f6 31. Be1 Bxe1 32. Rxe1 a4 33. Nd2 Rb8 34. Rb1 Rb2 35. Rxb2 Nxb2 36. Nb1 d4 37. a3 Ba2 38. Nd2 dxe3 39. Ne4 Nc4 40. Nc3 Bb3 41. g3 g5 42. f4 exf4 43. gxf4 gxf4 44. Nd5 Nxa3 45. Nxf6 Nc2 0-1

[Event "Oberliga Ost-B 1819"]
[Site "Germany"]
[Date "2018.12.15"]
[Round "4.8"]
[White "Grund, Sebastian"]
[Black "Bittner, Peter"]
[Result "1-0"]
[WhiteElo "1992"]
[BlackElo "1847"]
[PlyCount "81"]
[EventDate "2018.10.21"]
[EventType "team-tourn"]
[EventRounds "11"]
[EventCountry "GER"]
[SourceTitle "EXT 2020"]
[Source "ChessBase"]
[SourceDate "2019.10.17"]
[SourceVersion "1"]
[SourceVersionDate "2019.10.17"]
[SourceQuality "1"]
[WhiteTeam "Erfurt Medizin"]
[BlackTeam "Nied Koenig"]
[WhiteTeamCountry "GER"]
[BlackTeamCountry "GER"]

1. d4 Nf6 2. Nf3 d5 3. c4 c6 4. g3 g6 5. Bg2 Bg7 6. 0-0 0-0 7. cxd5 cxd5 8. Nc3 e6 9. b4 Nbd7 10. a4 Nb6 11. Nd2 Bd7 12. a5 Nc8 13. b5 Re8 14. Qb3 Nd6 15. Ba3 Bf8 16. Bxd6 Bxd6 17. e4 dxe4 18. Ncxe4 Nxe4 19. Nxe4 Bf8 20. Nc5 Bxc5 21. dxc5 Rb8 22. Rfd1 Qc8 23. Rd6 a6 24. c6 bxc6 25. Qd3 cxb5 26. Rxd7 b4 27. Rd6 b3 28. Rc6 b2 29. Rb1 Qd8 30. Qxd8 Rexd8 31. Rb6 Rbc8 32. R6xb2 Rc5 33. Ra2 Rd6 34. Bb7 g5 35. Rb6 Rd1+ 36. Kg2 g4 37. h3 h5 38. Rxa6 Rb1 39. Ra8+ Kg7 40. a6 Kf6 41. Rc8 1-0

[Event "Heusenstamm Sparkassen op-A 5th"]
[Site "Heusenstamm"]
[Date "2018.11.25"]
[Round "7"]
[White "Renk, Jonas"]
[Black "Bittner, Peter"]
[Result "1-0"]
[WhiteElo "1607"]
[BlackElo "1869"]
[PlyCount "83"]
[EventDate "2018.11.22"]
[EventType "swiss"]
[EventRounds "7"]
[EventCountry "GER"]
[SourceTitle "CBM 188 Extra"]
[Source "ChessBase"]
[SourceDate "2019.02.26"]
[SourceVersion "1"]
[SourceVersionDate "2019.02.26"]
[SourceQuality "1"]

1. e4 e5 2. Nf3 Nc6 3. d4 exd4 4. Nxd4 d6 5. Nc3 Bd7 6. Be3 Nf6 7. f3 Be7 8. Qd2 a6 9. 0-0-0 b5 10. g4 b4 11. Nd5 Nxd5 12. exd5 Ne5 13. Be2 Qb8 14. f4 Ng6 15. Kb1 Bf6 16. h4 Qb7 17. g5 Be7 18. h5 Nf8 19. Bf3 a5 20. Nc6 Bxc6 21. dxc6 Qb5 22. Be4 0-0-0 23. Qd4 Ne6 24. Qa7 Rdf8 25. Qa8+ Qb8 26. Qa6+ Kd8 27. Rd5 Qc8 28. Qb7 Qxb7 29. cxb7 Kd7 30. Rxa5 Nc5 31. Bxc5 dxc5 32. Rd1+ Ke6 33. Rd5 Bd6 34. f5+ Ke7 35. a3 bxa3 36. bxa3 Rb8 37. Rd3 g6 38. f6+ Ke6 39. h6 Ke5 40. Bc6 Kf4 41. Rd5 Rhd8 42. Ra8 1-0

[Event "Heusenstamm Sparkassen op-A 5th"]
[Site "Heusenstamm"]
[Date "2018.11.24"]
[Round "4"]
[White "Bittner, Peter"]
[Black "Weiland, Thomas"]
[Result "1-0"]
[WhiteElo "1869"]
[BlackElo "1796"]
[PlyCount "93"]
[EventDate "2018.11.22"]
[EventType "swiss"]
[EventRounds "7"]
[EventCountry "GER"]
[SourceTitle "CBM 188 Extra"]
[Source "ChessBase"]
[SourceDate "2019.02.26"]
[SourceVersion "1"]
[SourceVersionDate "2019.02.26"]
[SourceQuality "1"]

1. e4 d5 2. exd5 Qxd5 3. Nc3 Qd8 4. Nf3 Nf6 5. h3 Bf5 6. d4 c6 7. Bd3 Bxd3 8. Qxd3 e6 9. Bg5 Be7 10. 0-0 Nbd7 11. Rad1 0-0 12. Qe2 Re8 13. a3 Qc7 14. Bh4 h6 15. Ne4 Nxe4 16. Qxe4 Bxh4 17. Qxh4 Rad8 18. c3 a5 19. Rfe1 a4 20. Qe4 Nf6 21. Qc2 Ra8 22. Ne5 Nd7 23. Rd3 c5 24. Nxd7 Qxd7 25. dxc5 Qc7 26. Rd4 Qxc5 27. Rxa4 Rac8 28. Rb4 Rc7 29. Rd1 Rec8 30. Qb3 Rb8 31. Rbd4 Qe7 32. Qb5 Rc5 33. Qd3 Rcc8 34. Rd7 Qf6 35. Qd6 Re8 36. Rd3 Qg5 37. Kh2 Rf8 38. Rf3 Rbe8 39. Rxb7 Rd8 40. Qf4 Qh5 41. Rg3 g5 42. Qf6 Rd5 43. Re3 Rf5 44. Qd4 Rf4 45. Re4 Qh4 46. Rxf4 gxf4 47. Rb4 1-0

[Event "Heusenstamm Sparkassen op-A 5th"]
[Site "Heusenstamm"]
[Date "2018.11.23"]
[Round "3"]
[White "Laux, Dominik"]
[Black "Bittner, Peter"]
[Result "1-0"]
[WhiteElo "1973"]
[BlackElo "1869"]
[PlyCount "85"]
[EventDate "2018.11.22"]
[EventType "swiss"]
[EventRounds "7"]
[EventCountry "GER"]
[SourceTitle "CBM 188 Extra"]
[Source "ChessBase"]
[SourceDate "2019.02.26"]
[SourceVersion "1"]
[SourceVersionDate "2019.02.26"]
[SourceQuality "1"]

1. d4 Nf6 2. Bg5 d5 3. e3 c6 4. Bd3 Nbd7 5. Nf3 e6 6. 0-0 Be7 7. c4 dxc4 8. Bxc4 Ne4 9. Bxe7 Qxe7 10. Nbd2 Nxd2 11. Qxd2 0-0 12. Rac1 Rd8 13. Rfd1 b6 14. Bd3 c5 15. Be4 Rb8 16. dxc5 bxc5 17. Bc6 f6 18. Rc3 Kf8 19. b3 Ba6 20. Qc2 g6 21. Bxd7 Rxd7 22. Rxd7 Qxd7 23. Rxc5 Rc8 24. h3 e5 25. Rxc8+ Qxc8 26. Qxc8+ Bxc8 27. Nd2 Ke7 28. Kf1 Bb7 29. g3 Ke6 30. Ke2 f5 31. f4 exf4 32. exf4 h6 33. Ke3 Bg2 34. h4 Bc6 35. Kd4 a6 36. Kc5 Bb5 37. Nc4 Kf6 38. a4 Bd7 39. Ne5 Be6 40. b4 g5 41. Kd6 gxh4 42. gxh4 Bb3 43. b5 1-0

[Event "Frankfurt-chA"]
[Site "Frankfurt"]
[Date "2018.06.18"]
[Round "7"]
[White "Bischoff, Ulrich"]
[Black "Bittner, Peter"]
[Result "1-0"]
[WhiteElo "1991"]
[BlackElo "1798"]
[PlyCount "59"]
[EventDate "2018.04.30"]
[EventType "swiss"]
[EventRounds "7"]
[EventCountry "GER"]
[SourceTitle "EXT 2019"]
[Source "ChessBase"]
[SourceDate "2018.10.10"]
[SourceVersion "1"]
[SourceVersionDate "2018.10.10"]
[SourceQuality "1"]

1. d4 Nf6 2. c4 e6 3. g3 d5 4. Bg2 c6 5. Nf3 Be7 6. 0-0 0-0 7. Qc2 Nbd7 8. Rd1 Ne4 9. Nfd2 f5 10. f3 Nd6 11. e4 fxe4 12. fxe4 Bg5 13. exd5 exd5 14. cxd5 cxd5 15. Nf3 Bxc1 16. Rxc1 Nc4 17. Re1 Nf6 18. Ne5 Qb6 19. Nxc4 dxc4 20. Qxc4+ Kh8 21. Qc5 Qd8 22. Nc3 Bg4 23. h3 Bh5 24. Re7 Rc8 25. Qe5 Ne8 26. Re1 Bg6 27. Bxb7 Rc4 28. Bd5 Rc7 29. h4 Bd3 30. Rxe8 1-0

[Event "Frankfurt-chA"]
[Site "Frankfurt"]
[Date "2018.06.11"]
[Round "6"]
[White "Bittner, Peter"]
[Black "Nagelsdiek, Ralf"]
[Result "1/2-1/2"]
[WhiteElo "1798"]
[BlackElo "1991"]
[PlyCount "83"]
[EventDate "2018.04.30"]
[EventType "swiss"]
[EventRounds "7"]
[EventCountry "GER"]
[SourceTitle "EXT 2019"]
[Source "ChessBase"]
[SourceDate "2018.10.10"]
[SourceVersion "1"]
[SourceVersionDate "2018.10.10"]
[SourceQuality "1"]

1. e4 c5 2. Nf3 g6 3. c3 Bg7 4. Bc4 Qc7 5. 0-0 Nc6 6. a4 Nf6 7. Re1 d6 8. h3 0-0 9. Na3 a6 10. d3 e6 11. Bf4 Rd8 12. Nc2 Qb6 13. Rb1 d5 14. exd5 exd5 15. Ba2 Bf5 16. Ne3 Ne7 17. Nxf5 Nxf5 18. Qb3 Qxb3 19. Bxb3 b5 20. axb5 axb5 21. g4 Nd6 22. Re7 c4 23. dxc4 bxc4 24. Bc2 Nfe4 25. Rd1 Bf6 26. Rc7 Ra5 27. Ne5 Bxe5 28. Bxe5 Ng5 29. Kg2 Ne6 30. Rc6 Ne8 31. b4 Ra2 32. Rc1 Rb2 33. Bd1 Ng5 34. Rc2 Rb1 35. Bf3 Kf8 36. Rd2 Nxf3 37. Kxf3 Rb3 38. Rxc4 f6 39. Bg3 dxc4 40. Rxd8 Rxc3+ 41. Ke2 Ke7 42. Rd4 1/2-1/2

[Event "Heusenstamm Sparkassen op-A 4th"]
[Site "Heusenstamm"]
[Date "2017.11.26"]
[Round "7"]
[White "Haller, Luis"]
[Black "Bittner, Peter"]
[Result "0-1"]
[WhiteElo "1711"]
[BlackElo "1877"]
[PlyCount "58"]
[EventDate "2017.11.23"]
[EventType "swiss"]
[EventRounds "7"]
[EventCountry "GER"]
[SourceTitle "EXT 2019"]
[Source "ChessBase"]
[SourceDate "2018.10.10"]
[SourceVersion "1"]
[SourceVersionDate "2018.10.10"]
[SourceQuality "1"]

1. d4 Nf6 2. c4 e6 3. Nc3 Bb4 4. Bg5 c5 5. e3 cxd4 6. exd4 0-0 7. Bd3 d5 8. cxd5 exd5 9. Nge2 Bd7 10. 0-0 Bc6 11. a3 Bd6 12. Bf4 a6 13. Qc2 Bxf4 14. Nxf4 Qd6 15. Nfe2 Nbd7 16. Ng3 g6 17. f4 Rae8 18. f5 Ng4 19. Rf3 Qf6 20. Nce2 Re3 21. Rxe3 Nxe3 22. Qd2 Re8 23. fxg6 hxg6 24. Nf1 Ng4 25. Nfg3 Qf2+ 26. Kh1 Ne3 27. Rg1 Kg7 28. Qe1 Ng4 29. Rf1 Qxe1 0-1

[Event "Heusenstamm Sparkassen op-A 4th"]
[Site "Heusenstamm"]
[Date "2017.11.24"]
[Round "3"]
[White "Tojcic, Josip"]
[Black "Bittner, Peter"]
[Result "1/2-1/2"]
[WhiteElo "1722"]
[BlackElo "1877"]
[PlyCount "31"]
[EventDate "2017.11.23"]
[EventType "swiss"]
[EventRounds "7"]
[EventCountry "GER"]
[SourceTitle "EXT 2019"]
[Source "ChessBase"]
[SourceDate "2018.10.10"]
[SourceVersion "1"]
[SourceVersionDate "2018.10.10"]
[SourceQuality "1"]

1. d4 d5 2. Nf3 Nc6 3. Bf4 e6 4. e3 Bd6 5. Bg3 Nf6 6. c3 Ne4 7. Bd3 Bd7 8. Nbd2 Nxg3 9. hxg3 h6 10. Qe2 Qe7 11. a3 e5 12. dxe5 Nxe5 13. Nxe5 Bxe5 14. Nf3 Bg4 15. Qc2 Bxf3 16. gxf3 1/2-1/2

[Event "Rhein Main op-A 20th"]
[Site "Bad Homburg"]
[Date "2017.06.18"]
[Round "7"]
[White "Bittner, Peter"]
[Black "Kretner, Georg Ulrich"]
[Result "0-1"]
[WhiteElo "1910"]
[BlackElo "1853"]
[PlyCount "94"]
[EventDate "2017.06.14"]
[EventType "swiss"]
[EventRounds "7"]
[EventCountry "GER"]
[SourceTitle "EXT 2018"]
[Source "ChessBase"]
[SourceDate "2017.10.13"]
[SourceVersion "1"]
[SourceVersionDate "2017.10.13"]
[SourceQuality "1"]

1. e4 g6 2. d4 Bg7 3. Nf3 d6 4. c3 Nf6 5. Qc2 0-0 6. Be2 Nbd7 7. h3 c5 8. 0-0 b6 9. d5 a6 10. a4 Rb8 11. c4 Ne8 12. Be3 Nc7 13. Na3 e5 14. Qd2 f5 15. exf5 gxf5 16. Bg5 Qe8 17. Kh1 Nf6 18. Bxf6 Rxf6 19. Rg1 Rh6 20. Nh2 Qg6 21. Nc2 f4 22. Ra3 Bf5 23. Ne1 Kh8 24. g4 Bd7 25. Bf1 Rf8 26. Rb3 b5 27. axb5 axb5 28. cxb5 c4 29. Rb4 Bxb5 30. b3 c3 31. Qc2 Bxf1 32. Qxg6 hxg6 33. Rxf1 Nxd5 34. Rb5 Nc7 35. Rb7 Rc8 36. Kg2 Ne6 37. Nc2 Nd4 38. Rc1 g5 39. b4 e4 40. Nxd4 Bxd4 41. Rc2 Be5 42. Nf1 Ra8 43. Rb5 Ra3 44. Ra5 Rb3 45. b5 f3+ 46. Kg1 Rb1 47. b6 Rxh3 0-1

[Event "Rhein Main op-A 20th"]
[Site "Bad Homburg"]
[Date "2017.06.16"]
[Round "4"]
[White "Browning, Alex"]
[Black "Bittner, Peter"]
[Result "1-0"]
[WhiteElo "2005"]
[BlackElo "1910"]
[PlyCount "83"]
[EventDate "2017.06.14"]
[EventType "swiss"]
[EventRounds "7"]
[EventCountry "GER"]
[SourceTitle "EXT 2018"]
[Source "ChessBase"]
[SourceDate "2017.10.13"]
[SourceVersion "1"]
[SourceVersionDate "2017.10.13"]
[SourceQuality "1"]

1. e4 e5 2. Nf3 Nc6 3. Bb5 a6 4. Ba4 b5 5. Bb3 d6 6. c3 Be7 7. 0-0 Nf6 8. Re1 Bg4 9. h3 Bh5 10. d3 0-0 11. Nbd2 Na5 12. Bc2 c5 13. Nf1 h6 14. Ng3 Bg6 15. d4 cxd4 16. cxd4 Nd7 17. a4 b4 18. Bd2 Nc4 19. Bxb4 Nxb2 20. Qe2 exd4 21. Bb3 Rb8 22. Qxb2 Qb6 23. Rab1 Qxb4 24. Bxf7+ Bxf7 25. Qxb4 Rxb4 26. Rxb4 d3 27. Rb7 Rd8 28. Rd1 Bf6 29. Rc7 Nc5 30. e5 Bg5 31. Nxg5 hxg5 32. exd6 Bb3 33. Rd2 Nxa4 34. Rxd3 Be6 35. d7 Kf8 36. Rd6 Ke7 37. Rxa6 Nb2 38. Ne4 g4 39. Nc5 Bf5 40. hxg4 Bxg4 41. f3 Bh5 42. Rc8 1-0

[Event "Rhein Main op-A 20th"]
[Site "Bad Homburg"]
[Date "2017.06.15"]
[Round "3"]
[White "Bittner, Peter"]
[Black "Ebeling, Leander"]
[Result "1-0"]
[WhiteElo "1910"]
[BlackElo "1630"]
[PlyCount "65"]
[EventDate "2017.06.14"]
[EventType "swiss"]
[EventRounds "7"]
[EventCountry "GER"]
[SourceTitle "EXT 2018"]
[Source "ChessBase"]
[SourceDate "2017.10.13"]
[SourceVersion "1"]
[SourceVersionDate "2017.10.13"]
[SourceQuality "1"]

1. e4 c6 2. d4 d5 3. e5 Bf5 4. Nf3 e6 5. Bd3 Ne7 6. c3 Bxd3 7. Qxd3 Nf5 8. 0-0 c5 9. dxc5 Nc6 10. b4 a5 11. b5 Na7 12. Ba3 Qd7 13. b6 Nb5 14. c6 Qxc6 15. Bxf8 Kxf8 16. a4 Nbd6 17. exd6 Qxd6 18. c4 dxc4 19. Qxc4 Qxb6 20. Nbd2 Ke7 21. Rfb1 Qc6 22. Ne5 Qxc4 23. Rxb7+ Kf6 24. Ndxc4 Nh6 25. g3 Rhd8 26. Nd7+ Kg5 27. Kg2 Nf5 28. Nce5 Nh6 29. h4+ Kh5 30. Kh3 f5 31. f3 Ng8 32. g4+ Kh6 33. Nf7+ 1-0

[Event "Frankfurt-chA"]
[Site "Frankfurt"]
[Date "2017.05.22"]
[Round "5"]
[White "Bittner, Peter"]
[Black "Rutsatz, Mario"]
[Result "1-0"]
[WhiteElo "1792"]
[BlackElo "1943"]
[PlyCount "109"]
[EventDate "2017.04.24"]
[EventType "swiss"]
[EventRounds "7"]
[EventCountry "GER"]
[SourceTitle "EXT 2018"]
[Source "ChessBase"]
[SourceDate "2017.10.13"]
[SourceVersion "1"]
[SourceVersionDate "2017.10.13"]
[SourceQuality "1"]

1. Nf3 c5 2. g3 g6 3. Bg2 Bg7 4. e3 Nc6 5. 0-0 e6 6. d4 b6 7. Re1 d5 8. c3 Nge7 9. Na3 0-0 10. Nc2 a5 11. a4 Ba6 12. Bf1 Bxf1 13. Kxf1 f5 14. Kg2 h6 15. Bd2 e5 16. dxe5 Nxe5 17. Nxe5 Bxe5 18. Qe2 Ra7 19. Rad1 Rd7 20. Bc1 Nc6 21. Nd4 Qf6 22. Nf3 Kh7 23. Nxe5 Nxe5 24. b3 Qc6 25. f3 c4 26. bxc4 dxc4 27. Rxd7+ Qxd7 28. Qd1 Rd8 29. Qd4 Nxf3 30. Qxd7+ Rxd7 31. Kxf3 Rd3 32. Bb2 Rd2 33. Re2 Rd1 34. e4 Rd3+ 35. Kf4 fxe4 36. Kxe4 Kg7 37. Rc2 Kf6 38. Ba3 Ke6 39. Bf8 h5 40. Bg7 Rd1 41. Bd4 Re1+ 42. Be3 Kd6 43. Rb2 Kc7 44. Kd4 Kc6 45. Bf4 Ra1 46. Kxc4 Rxa4+ 47. Kb3 b5 48. Ra2 Rxa2 49. Kxa2 Kd5 50. Kb3 Ke4 51. Bc7 a4+ 52. Kb4 Kd3 53. Be5 Kc2 54. Kxb5 a3 55. c4 1-0